000 00647nam a2200241Ia 4500
003 OSt
005 20220928103349.0
006 a|||||r|||| 00| 0
007 ta
008 220927b |||||||| |||| 00| 0 eng d
024 _a78876
037 _cTextual
040 _aSDCL
_cSDCL
_beng
041 _2eng
_aeng
082 _aG:527, P5
100 _aKumar Kartikeya
_9403744
245 0 _aBiodiversity
_b Extinction and conservation.
260 _aJai
_bPur Aaviskar Publishing
_c2005
300 _a212p
_ccm.
650 _aBiodiversity
_9403745
942 _hG:527, P5
_cTEXL
_2CC
999 _c719515
_d719515